00905 2200301 4500001002100000005001500021035002000036007000300056008004100059020002200100040002200122082001400144084001600158090002000174090002200194100002500216245010400241250003500345300005200380650000900432850001200441264003200453336002100485337003000506338002300536999002200559990002200581INLIS00000000085857920210412115826 a0010-0421000484ta210412t2020 yoia g ind d a978-623-02-1918-4 aYOPDYOGbindcrda04223a371.1 a371.1 SIN g aDEP 371.1 SIN g aCB-D.11 2020-21610 aSinard1967epenulis10aGuru dalam proses belajar mengajar :bimplementasi PERMENDIKBUD no. 22 tahun 2016 /cpenulis, Sinar aCetakan pertama: November 2020 aviii, 140 halaman :bilustrasi, gambar ;c20 cm 4aGuru aYOPDYOG31aSleman :bDeepublish,c2020 2rdacontentateks 2rdamediaatanpa perantara 2rdacarrieravolume aCB-D.11/2020-2161 aCB-D.11/2020-2161